Przystanki linii 145 według ulicy - Statystyki

Ogólne statystyki
  • Ten quiz został rozwiązany 10 razy
  • Średni wynik to 10 z 40
Statystyki odpowiedzi
Ulica Przystanek % Poprawnych
Modlińska Żerań FSO
88%
Toruńska Żerań FSO
88%
Toruńska PKP Toruńska
75%
Bartnicza Bartnicza
50%
Grochowska Wiatraczna
50%
Wysockiego Bazyliańska
38%
Kondratowicza Metro Kondratowicza
38%
Kondratowicza Metro Kondratowicza
38%
Łodygowa Młodzieńcza
38%
Płowiecka Płowiecka
38%
Grochowska pl.Szembeka
38%
Kondratowicza Szpital Bródnowski
38%
Grochowska Wspólna Droga
38%
Piłsudskiego Cmentarz
25%
Grochowska Gocławek
25%
Chełmżyńska Ogrody Działkowe Kawęczyn
25%
Marsa Okularowa
25%
Piłsudskiego Powstańców
25%
Wyszogrodzka Rembielińska
25%
Piłsudskiego Szwoleżerów
25%
Warszawska Warszawska
25%
Wyszogrodzka Wyszogrodzka
25%
Kondratowicza Bohuszewiczówny
13%
Chodecka Chodecka
13%
Chełmżyńska Ciepłownia Kawęczyn
13%
Młodzieńcza Codzienna
13%
Chełmżyńska Gontarska
13%
Grochowska Kwatery Głównej
13%
Chełmżyńska Meblowa
13%
Chełmżyńska Oraczy
13%
Kondratowicza Przy Grodzisku
13%
Chełmżyńska Rafii
13%
Chełmżyńska rondo Granzowa
13%
Chełmżyńska Szymańskiego
13%
Grochowska Żółkiewskiego
13%
Chełmżyńska Gwarków
0%
Łodygowa Klamrowa
0%
Łodygowa Lewinów
0%
Marsa PKP Gocławek
0%
Łodygowa Potulicka
0%
Nie znaleziono quizów pasujących do podanych kryteriów
Rozkład punktacji
Procent ludzi z każdym wynikiem
Percentyl według liczby udzielonych odpowiedzi
Twoja historia wyników
Nie rozwiązałeś tego quizu